Dans quel univers de fiction rencontre-t-on cette statue? - Statistiques

Statistiques générales
  • Ce quiz a été pris 139 fois
    51 depuis la dernière actualisation
  • Le résultat moyen est 10 sur 17
Statistiques - réponses
Par images Réponse % Correct
Les Simpson
100%
Pokémon
96%
Harry Potter
89%
Picsou
89%
Naruto
87%
Le Bossu de Notre Dame
73%
Mario
73%
The Legend of Zelda
71%
Grand Theft Auto
67%
Le Seigneur des Anneaux
64%
One Piece
53%
Dr Stone
42%
Frieren
38%
Undertale
27%
Genshin Impact
24%
Les Sims
22%
Percy Jackson
22%
Aucun quiz correspondant
Distribution des résultats
% des personnes avec chaque résultat
Percentile par nombre de réponses
Votre historique - résultats
Vous n’avez pas pris ce quiz depuis la dernière actualisation